00331nam a22001097a 4500082003200000100002700032245005800059260004600117300001300163526003700176650000800213 a940.54bPANcL-30 II, P-172 aWilarda Meer Paniacove aپرائیویٹ آرمیcWilarda Meer Paniacove aRawalpindi PakistanbArmy Education Press a487 P, : a0b0c0d940_540000000000000_PAN aMCE